000 00506nam a22001817a 4500
003 CEME
005 20210628210528.0
008 210201b xxu||||| |||| 00| 0 eng d
020 _a969-407-249-2
040 _c.
082 _a320.8095491 WAJ
100 _aWajidi, Muhammad Abu Zar.Dr
_979813
245 _aLocal gorvernment in pakistan,a case study of kmc 1842-1988
260 _aKARACHI
_bROYAL BOOK CO
_c2000
300 _a312P
650 _aLOCAL GORVERNMENT IN PAKISTAN
_979814
942 _cBK
_2ddc
999 _c584805
_d584805